[Event "HUN-chT1 Maroczy 2324"]
[Site "Hungary"]
[Date "2024.04.07"]
[Round "9.2"]
[White "Varga, Peter"]
[Black "Bodi, Tibor"]
[Result "1/2-1/2"]
[WhiteElo "2366"]
[BlackElo "2278"]
[PlyCount "101"]
[EventDate "2023.10.08"]
[EventType "team-tourn"]
[EventRounds "11"]
[EventCountry "HUN"]
[SourceTitle "EXT 2025"]
[Source "ChessBase"]
[SourceDate "2024.10.14"]
[SourceVersion "1"]
[SourceVersionDate "2024.10.14"]
[SourceQuality "1"]
[WhiteTeam "NYVSC"]
[BlackTeam "Kobanya Aquarena II"]
[WhiteTeamCountry "HUN"]
[BlackTeamCountry "HUN"]

1. d4 Nf6 2. c4 e6 3. Nc3 Bb4 4. Qc2 0-0 5. Nf3 c5 6. dxc5 Bxc5 7. Bg5 Nc6 8. e3 h6 9. Bh4 g5 10. Bg3 Nh5 11. a3 Be7 12. Rd1 f5 13. Ne5 Nxg3 14. Nxc6 bxc6 15. hxg3 Kg7 16. Be2 Rb8 17. g4 Qa5 18. gxf5 exf5 19. Kf1 Qe5 20. Rd2 d6 21. Kg1 f4 22. exf4 Qxf4 23. Bd3 Bf5 24. Bxf5 Qxf5 25. Qxf5 Rxf5 26. Rh3 g4 27. Rhd3 Rf4 28. Re2 Bf8 29. Ne4 Re8 30. Rde3 Kg6 31. g3 Rf3 32. Rxf3 gxf3 33. Re3 Bg7 34. Nxd6 Rxe3 35. fxe3 Bxb2 36. a4 Be5 37. Nc8 Bxg3 38. Nxa7 c5 39. Nb5 h5 40. Nc3 h4 41. Ne4 Be1 42. a5 Bxa5 43. Kf2 Kf5 44. Kxf3 Bb4 45. Nf2 Bd2 46. Nd3 Bb4 47. e4+ Kg5 48. Nf4 Ba3 49. Nd3 Bb4 50. Nf4 Ba3 51. Nd3 1/2-1/2

[Event "HUN-chT1 Maroczy 2223"]
[Site "Hungary"]
[Date "2022.11.20"]
[Round "1.4"]
[White "Karacsony, Attila"]
[Black "Varga, Peter"]
[Result "0-1"]
[WhiteElo "2215"]
[BlackElo "2370"]
[PlyCount "92"]
[EventDate "2022.11.20"]
[EventType "team-tourn"]
[EventRounds "9"]
[EventCountry "HUN"]
[SourceTitle "EXT 2025"]
[Source "ChessBase"]
[SourceDate "2024.10.14"]
[SourceVersion "1"]
[SourceVersionDate "2024.10.14"]
[SourceQuality "1"]
[WhiteTeam "Vasas"]
[BlackTeam "NYVSC"]
[WhiteTeamCountry "HUN"]
[BlackTeamCountry "HUN"]

1. e4 c6 2. d4 d5 3. e5 Bf5 4. Ne2 e6 5. Ng3 Bg6 6. h4 h6 7. h5 Bh7 8. Bd3 Bxd3 9. cxd3 f5 10. exf6 Qxf6 11. Qg4 Bd6 12. 0-0 Ne7 13. Nd2 Na6 14. a3 Nc7 15. Nf3 0-0-0 16. Be3 Rdg8 17. Ne5 g6 18. Qf4 Qxf4 19. Bxf4 g5 20. Be3 Rh7 21. Ng4 Rf8 22. Ne2 Nf5 23. g3 Ne8 24. Kg2 Nf6 25. Nxf6 Rxf6 26. Bd2 Rhf7 27. Rae1 Kd7 28. f4 g4 29. Rh1 Bc7 30. Bc3 Bb6 31. b4 Ne3+ 32. Kg1 Nc2 33. Rc1 Nxa3 34. Rh4 Rg7 35. Kf2 Nb5 36. Ke3 Nd6 37. Kd2 Nf5 38. Rhh1 Rg8 39. Ra1 Nd6 40. Bb2 a6 41. Ke3 Rf5 42. Nc3 e5 43. fxe5 Rxe5+ 44. Kd2 Bxd4 45. Rae1 Rxe1 46. Rxe1 Bf2 0-1

[Event "Level op-A 8th"]
[Site "Level"]
[Date "2022.09.11"]
[Round "7"]
[White "Varga, Peter"]
[Black "Horvath, Tibor"]
[Result "1-0"]
[WhiteElo "2371"]
[BlackElo "1846"]
[PlyCount "75"]
[EventDate "2022.09.09"]
[EventType "swiss"]
[EventRounds "7"]
[EventCountry "HUN"]
[SourceTitle "EXT 2023"]
[Source "ChessBase"]
[SourceDate "2022.10.05"]
[SourceVersion "1"]
[SourceVersionDate "2022.10.05"]
[SourceQuality "1"]

1. d4 e6 2. c4 d5 3. Nc3 Nf6 4. cxd5 exd5 5. Bg5 Be7 6. e3 h6 7. Bh4 c6 8. Bd3 0-0 9. Qc2 Re8 10. Nge2 Nbd7 11. f3 Nf8 12. 0-0 Nh5 13. Bf2 Bd6 14. Kh1 Ne6 15. Rad1 Qc7 16. Bg1 Qe7 17. e4 Nhf4 18. e5 Bb4 19. Bh7+ Kh8 20. Bf5 Qg5 21. Nxf4 Nxf4 22. g4 Bxf5 23. gxf5 Bxc3 24. bxc3 Nh3 25. f4 Qh4 26. Be3 g5 27. fxg6 Rg8 28. f5 fxg6 29. f6 Ng5 30. Bxg5 Qxg5 31. e6 Rgf8 32. f7 Kg7 33. Rde1 Qe7 34. Qe2 Rac8 35. Qe5+ Kh7 36. Rf6 c5 37. Rg1 Qc7 38. Rgxg6 1-0

[Event "HUN-chT1 Maroczy 2122"]
[Site "Hungary"]
[Date "2022.04.10"]
[Round "11.1"]
[White "Varga, Peter"]
[Black "Leszko, Bence"]
[Result "1/2-1/2"]
[WhiteElo "2373"]
[BlackElo "2234"]
[PlyCount "31"]
[EventDate "2021.10.10"]
[EventType "team-tourn"]
[EventRounds "11"]
[EventCountry "HUN"]
[SourceTitle "EXT 2025"]
[Source "ChessBase"]
[SourceDate "2024.10.14"]
[SourceVersion "1"]
[SourceVersionDate "2024.10.14"]
[SourceQuality "1"]
[WhiteTeam "Nyiregyhaza VSC"]
[BlackTeam "Meritum Egyesulet"]
[WhiteTeamCountry "HUN"]
[BlackTeamCountry "HUN"]

1. d4 e6 2. c4 d5 3. Nc3 a6 4. cxd5 exd5 5. Bf4 Nf6 6. e3 Bd6 7. Bxd6 Qxd6 8. Bd3 0-0 9. h3 Nc6 10. Nge2 Re8 11. a3 Ne7 12. Qc2 Ng6 13. Bxg6 hxg6 14. Ng3 Bd7 15. Rc1 Re7 16. Nce2 1/2-1/2

[Event "HUN-chT1 Maroczy 2122"]
[Site "Hungary"]
[Date "2022.02.13"]
[Round "8.4"]
[White "Varga, Peter"]
[Black "Horvath, David G"]
[Result "1/2-1/2"]
[WhiteElo "2371"]
[BlackElo "2376"]
[PlyCount "29"]
[EventDate "2021.10.10"]
[EventType "team-tourn"]
[EventRounds "11"]
[EventCountry "HUN"]
[SourceTitle "EXT 2025"]
[Source "ChessBase"]
[SourceDate "2024.10.14"]
[SourceVersion "1"]
[SourceVersionDate "2024.10.14"]
[SourceQuality "1"]
[WhiteTeam "Nyiregyhaza VSC"]
[BlackTeam "Aquarena Kobanya II"]
[WhiteTeamCountry "HUN"]
[BlackTeamCountry "HUN"]

1. d4 Nf6 2. c4 e6 3. Nc3 d5 4. cxd5 exd5 5. Bg5 Be7 6. e3 c6 7. Bd3 Nbd7 8. Qc2 0-0 9. Nf3 Re8 10. 0-0 Nf8 11. Rab1 a5 12. a3 Ng6 13. b4 axb4 14. axb4 Bd6 15. b5 1/2-1/2

[Event "HUN-chT1 Maroczy 2122"]
[Site "Hungary"]
[Date "2021.12.05"]
[Round "5.3"]
[White "Siklosi, Zoltan"]
[Black "Varga, Peter"]
[Result "1/2-1/2"]
[WhiteElo "2282"]
[BlackElo "2373"]
[PlyCount "22"]
[EventDate "2021.10.10"]
[EventType "team-tourn"]
[EventRounds "11"]
[EventCountry "HUN"]
[SourceTitle "EXT 2025"]
[Source "ChessBase"]
[SourceDate "2024.10.14"]
[SourceVersion "1"]
[SourceVersionDate "2024.10.14"]
[SourceQuality "1"]
[WhiteTeam "Kecskemet TLSE"]
[BlackTeam "Nyiregyhaza VSC"]
[WhiteTeamCountry "HUN"]
[BlackTeamCountry "HUN"]

1. e4 c6 2. d4 d5 3. e5 Bf5 4. Nf3 e6 5. Be2 Nd7 6. 0-0 h6 7. c4 dxc4 8. Bxc4 Ne7 9. b3 Nd5 10. Bd2 Be7 11. a3 0-0 1/2-1/2

[Event "HUN-ch Rapid"]
[Site "Ajka"]
[Date "2021.07.17"]
[Round "7"]
[White "Varga, Zoltan"]
[Black "Varga, Peter"]
[Result "1/2-1/2"]
[WhiteElo "2435"]
[BlackElo "2365"]
[PlyCount "45"]
[EventDate "2021.07.16"]
[EventType "swiss (rapid)"]
[EventRounds "13"]
[EventCountry "HUN"]
[SourceTitle "CBM 203 Extra"]
[Source "ChessBase"]
[SourceDate "2021.09.30"]
[SourceVersion "1"]
[SourceVersionDate "2021.09.30"]
[SourceQuality "1"]

1. e4 c6 2. c4 d5 3. cxd5 cxd5 4. exd5 Nf6 5. Bb5+ Nbd7 6. Nc3 g6 7. d4 Bg7 8. d6 0-0 9. dxe7 Qxe7+ 10. Nge2 a6 11. Bd3 b5 12. 0-0 Bb7 13. Re1 Nb6 14. a4 bxa4 15. Nxa4 Nxa4 16. Rxa4 Rfe8 17. Bd2 Qd6 18. Nc3 Rxe1+ 19. Bxe1 Re8 20. Bd2 Qc6 21. Bf1 Qb6 22. b3 Nd5 23. Nxd5 1/2-1/2

[Event "HUN-ch rapid"]
[Site "Ajka"]
[Date "2020.07.19"]
[Round "13"]
[White "Balog, Imre1"]
[Black "Varga, Peter"]
[Result "1-0"]
[WhiteElo "2567"]
[BlackElo "2371"]
[PlyCount "111"]
[EventDate "2020.07.17"]
[EventType "swiss (rapid)"]
[EventRounds "13"]
[EventCountry "HUN"]
[SourceTitle "CBM 197 Extra"]
[Source "ChessBase"]
[SourceDate "2020.09.30"]
[SourceVersion "1"]
[SourceVersionDate "2020.09.30"]
[SourceQuality "1"]

1. d4 d5 2. Nf3 Nf6 3. c4 c6 4. Qb3 dxc4 5. Qxc4 Bf5 6. g3 e6 7. Bg2 Nbd7 8. 0-0 Be7 9. Rd1 0-0 10. e3 h6 11. Qe2 Ne4 12. Ne1 Qb6 13. f3 Nef6 14. e4 Bh7 15. Be3 c5 16. Nc3 cxd4 17. Bxd4 Bc5 18. Qf2 e5 19. Bxc5 Nxc5 20. Nd3 Ncd7 21. Qxb6 axb6 22. Bh3 Rfd8 23. Kf2 Kf8 24. Ke3 g5 25. Rd2 h5 26. Bxd7 Nxd7 27. Rad1 Ke8 28. Nd5 Rac8 29. h4 g4 30. fxg4 hxg4 31. Nf2 f5 32. exf5 Bxf5 33. Ne4 Bxe4 34. Kxe4 Kf7 35. Kf5 Rf8 36. Ne3 Ke7+ 37. Kxg4 Nf6+ 38. Kh3 Ne4 39. Rd7+ Ke6 40. Ng4 Rc2 41. R7d5 Nf2+ 42. Nxf2 Rfxf2 43. Rd6+ Kf5 44. g4+ Kf4 45. Rf6+ Ke4 46. Re1+ Kd5 47. Rxf2 Rxf2 48. h5 e4 49. h6 Ke5 50. h7 Rf8 51. Kg3 Rh8 52. Rh1 e3 53. Kf3 e2 54. Kxe2 Kf4 55. Kd3 Kxg4 56. Kc4 1-0

[Event "Lignano Sabbiadoro op 5th"]
[Site "Lignano Sabbiadoro"]
[Date "2019.07.29"]
[Round "4"]
[White "Varga, Peter"]
[Black "Santi, Andrea"]
[Result "1-0"]
[WhiteElo "2367"]
[BlackElo "2077"]
[PlyCount "74"]
[EventDate "2019.07.27"]
[EventType "swiss"]
[EventRounds "9"]
[EventCountry "ITA"]
[SourceTitle "CBM 191 Extra"]
[Source "ChessBase"]
[SourceDate "2019.09.30"]
[SourceVersion "1"]
[SourceVersionDate "2019.09.30"]
[SourceQuality "1"]

1. d4 g6 2. c4 Nf6 3. Nc3 Bg7 4. e4 d6 5. h3 0-0 6. Bg5 c6 7. Nf3 h6 8. Be3 Na6 9. Be2 Nc7 10. Nd2 e5 11. d5 Nd7 12. g4 a5 13. h4 Nc5 14. h5 g5 15. a3 Nd7 16. b4 c5 17. bxc5 Nxc5 18. Na4 N7a6 19. Rb1 Nxa4 20. Qxa4 Nc5 21. Qb5 Bd7 22. Qb6 Na4 23. Qxd8 Rfxd8 24. Rxb7 Nc3 25. f3 Rab8 26. Rxb8 Rxb8 27. Kf2 Rb2 28. Rc1 Nxe2 29. Kxe2 Ra2 30. Rc3 Bf8 31. Bb6 a4 32. Bd8 Kg7 33. Kd3 f6 34. Ba5 Kf7 35. Bb4 Ra1 36. Rc2 Rg1 37. Rb2 Rc1 1-0

[Event "HUN-ch rapid"]
[Site "Ajka"]
[Date "2019.07.19"]
[Round "3"]
[White "Varga, Peter"]
[Black "Ruck, Robert"]
[Result "1/2-1/2"]
[WhiteElo "2367"]
[BlackElo "2524"]
[PlyCount "97"]
[EventDate "2019.07.19"]
[EventType "swiss (rapid)"]
[EventRounds "13"]
[EventCountry "HUN"]
[SourceTitle "CBM 191 Extra"]
[Source "ChessBase"]
[SourceDate "2019.09.30"]
[SourceVersion "1"]
[SourceVersionDate "2019.09.30"]
[SourceQuality "1"]

1. Nf3 c5 2. c4 Nf6 3. Nc3 Nc6 4. g3 d5 5. cxd5 Nxd5 6. Bg2 Nc7 7. 0-0 e5 8. d3 Be7 9. Nd2 Bd7 10. Nc4 f6 11. f4 b5 12. Ne3 exf4 13. gxf4 Rb8 14. Ncd5 0-0 15. b3 Bd6 16. Nxc7 Qxc7 17. Nd5 Qd8 18. Be3 Re8 19. Rc1 Bg4 20. Rf2 Qd7 21. Bxc5 Bxc5 22. Rxc5 Nd4 23. Nc3 Nxe2+ 24. Nxe2 Bxe2 25. Rd5 Qe7 26. Qd2 Bg4 27. f5 Bh5 28. b4 Bf7 29. Rc5 Qd6 30. d4 Bc4 31. a4 Re7 32. axb5 Bxb5 33. Bd5+ Kh8 34. Be6 a6 35. Qc3 Rd8 36. d5 Qb6 37. Rc8 Ree8 38. Rxd8 Rxd8 39. Qc5 Qb8 40. Qe7 Re8 41. Qf7 Qe5 42. h4 Qg3+ 43. Rg2 Qe1+ 44. Kh2 Qxh4+ 45. Kg1 Qe1+ 46. Kh2 Qh4+ 47. Kg1 Qe1+ 48. Kh2 Qh4+ 49. Kg1 1/2-1/2

[Event "HUN-chT2 Barcza 1819"]
[Site "Hungary"]
[Date "2019.04.28"]
[Round "11.1"]
[White "Borsos, Bogdan"]
[Black "Varga, Peter"]
[Result "1/2-1/2"]
[WhiteElo "2266"]
[BlackElo "2373"]
[PlyCount "75"]
[EventDate "2018.09.23"]
[EventType "team-tourn"]
[EventRounds "11"]
[EventCountry "HUN"]
[SourceTitle "EXT 2021"]
[Source "ChessBase"]
[SourceDate "2020.10.23"]
[SourceVersion "1"]
[SourceVersionDate "2020.10.23"]
[SourceQuality "1"]
[WhiteTeam "Kazincbarcika"]
[BlackTeam "Nyiregyhaza SISE"]
[WhiteTeamCountry "HUN"]
[BlackTeamCountry "HUN"]

1. Nf3 d5 2. c4 c6 3. g3 Nf6 4. Bg2 Bg4 5. 0-0 e6 6. cxd5 exd5 7. d3 Nbd7 8. Be3 Bc5 9. Bxc5 Nxc5 10. Ne5 Be6 11. b4 Ncd7 12. Nxd7 Qxd7 13. Nc3 d4 14. Na4 Bd5 15. Nc5 Qe7 16. Qd2 0-0 17. Rfe1 a5 18. e4 dxe3 19. Rxe3 Qc7 20. Ne4 Nxe4 21. dxe4 Be6 22. a3 axb4 23. Qxb4 c5 24. Qb2 Ra5 25. Bf1 c4 26. Rc1 b5 27. Qb4 Rfa8 28. e5 Rd8 29. Bg2 Qb6 30. Rb1 Bf5 31. Be4 Bxe4 32. Rxe4 Qa7 33. Re3 Ra8 34. Rd1 h6 35. Rd5 Rxa3 36. Qxa3 Qxa3 37. Rxa3 Rxa3 38. Rxb5 1/2-1/2

[Event "HUN-chT2 Barcza 1819"]
[Site "Hungary"]
[Date "2018.09.23"]
[Round "1.1"]
[White "Varga, Peter"]
[Black "Estrada Nieto, Julian"]
[Result "1/2-1/2"]
[WhiteElo "2373"]
[BlackElo "2219"]
[PlyCount "41"]
[EventDate "2018.09.23"]
[EventType "team-tourn"]
[EventRounds "11"]
[EventCountry "HUN"]
[SourceTitle "CBM 189 Extra"]
[Source "ChessBase"]
[SourceDate "2019.05.31"]
[SourceVersion "1"]
[SourceVersionDate "2019.05.31"]
[SourceQuality "1"]
[WhiteTeam "Nyiregyhaza SISE"]
[BlackTeam "Hajduboszormeny"]
[WhiteTeamCountry "HUN"]
[BlackTeamCountry "HUN"]

1. Nf3 d5 2. g3 Nf6 3. Bg2 c6 4. 0-0 Bg4 5. d3 Nbd7 6. c4 dxc4 7. dxc4 e5 8. Nc3 Qc7 9. h3 Bh5 10. Be3 Bc5 11. Bxc5 Nxc5 12. b4 Rd8 13. Qc1 Ne6 14. g4 Bg6 15. Qe3 Nd7 16. Qxa7 Nb6 17. c5 Nc4 18. Rad1 0-0 19. Rxd8 Rxd8 20. Qa4 e4 21. Nh4 1/2-1/2